La pintura cusqueña en la ideología andina / (Record no. 4189)

000 -CABECERA
fixed length control field 00792nam a22002177a 4500
003 - IDENTIFICADOR DEL NÚMERO DE CONTROL
control field AR-CdUCM
008 - DATOS DE LONGITUD FIJA--INFORMACIÓN GENERAL
fixed length control field 190308b ||||| |||| 00| 0 spa d
020 ## - NÚMERO INTERNACIONAL ESTÁNDAR DEL LIBRO
ISBN 978-612-00-0920-8
040 ## - FUENTE DE LA CATALOGACIÓN
Agencia/entidad que catalogó originalmente la obra MUNICIPALIDAD PROVINCIAL DEL CUSCO
Entidad que transcribió la catalogación BIBLIOTECA MUNICIPAL DEL CUSCO
082 ## - NÚMERO DE LA CLASIFICACIÓN DECIMAL DEWEY
No. de Clasificación 755.9856 /
Notacion interna H56
100 ## - ENTRADA PRINCIPAL--NOMBRE DE PERSONA
Nombre Personal Hinojosa Gálvez, Alfredo
245 ## - MENCIÓN DE TÍTULO
Título La pintura cusqueña en la ideología andina /
260 ## - PUBLICACIÓN, DISTRIBUCIÓN, ETC.
Lugar de publicación, distribución, etc. Lima :
Nombre de la editorial, distribuidor, etc. Súper gráfica,
Fecha de publicación, distribución, etc. 2012.
300 ## - DESCRIPCIÓN FÍSICA
Nº de Páginas Extensión 376 páginas ;
Otros detalles físicos Imágenes.
Dimensiones 24.5 cm.
505 ## - NOTA DE CONTENIDO CON FORMATO
Nota de contenido formateada Contenido: Historiografía andina -- El templo de la Sagrada Familia -- La catedral de la ciudad del Cusco -- La iglesia del Triunfo.
650 ## - PUNTO DE ACCESO ADICIONAL DE MATERIA--TÉRMINO DE MATERIA
Descriptor Pintura religiosa
9 (RLIN) 5652
650 ## - PUNTO DE ACCESO ADICIONAL DE MATERIA--TÉRMINO DE MATERIA
Descriptor Cusco
9 (RLIN) 772
650 ## - PUNTO DE ACCESO ADICIONAL DE MATERIA--TÉRMINO DE MATERIA
Descriptor Arte pictórico
9 (RLIN) 13278
942 ## - ELEMENTOS DE PUNTO DE ACCESO ADICIONAL (KOHA)
Fuente de clasificación
Tipo de item Libros-BMC
945 ## - PROCESAMIENTO DE INFORMACIÓN LOCAL (OCLC)
Catalogador afb
Holdings
Estado de retiro (separado) Fuente de clasificación o esquema de estanterías Estado dañado Ubicación Sala donde se ubica Nombre de la colección Fecha de adquisición o compra Costo, precio normal en soles Signatura topográfica Código de Barras Última vez visto (Koha) Tipo de ítem (Koha)
No     Sala Artes Sala Artes Book Cart 2019-03-08 60.00 755.9856 / H56 SA0000000185 2019-03-08 Libros-BMC
No     Sala Artes Sala Artes Book Cart 2019-04-10 60.00 755.9856 / H56 / e.2 SA0000000457 2019-04-10 Libros-BMC

Powered by Koha